Tropical forest ecology: The basis for conservation and management (Record no. 42593)

MARC details
000 -LEADER
fixed length control field 00485nam a2200169Ia 4500
020 ## - INTERNATIONAL STANDARD BOOK NUMBER
ISBN 3540237976
082 ## - DEWEY DECIMAL CLASSIFICATION NUMBER
Classification number 630*1(213.56)
Item number MAN'
100 ## - MAIN ENTRY--AUTHOR NAME
Personal name Jordan, Carl F
245 #0 - TITLE STATEMENT
Title Tropical forest ecology: The basis for conservation and management
260 ## - PUBLICATION, DISTRIBUTION, ETC. (IMPRINT)
Place of publication Berlin
Name of publisher Springer
Year of publication 2005
650 ## - SUBJECT ADDED ENTRY--TOPICAL TERM
Topical Term Agroforestry systems
650 ## - SUBJECT ADDED ENTRY--TOPICAL TERM
Topical Term Deforestation
650 ## - SUBJECT ADDED ENTRY--TOPICAL TERM
Topical Term Plantation forestry
700 ## - ADDED ENTRY--PERSONAL NAME
Personal name Montagnini, Florencia
942 ## - ADDED ENTRY ELEMENTS (KOHA)
Koha item type Books
Holdings
Withdrawn status Lost status Damaged status Not for loan Home library Current library Date acquired Cost, normal purchase price Full call number Accession Number Koha item type
        RRII Library RRII Library 16/12/2021 129.95 630*1(213.56) MAN' 22863 Books